| 000 | 00493nam a2200169 a 4500 | ||
|---|---|---|---|
| 005 | 20140412111246.0 | ||
| 008 | 001115s19uu xx 00 eng d | ||
| 020 | _a0-88625-157-5 | ||
| 050 |
_aM 613.7 _bRo643 1987 |
||
| 100 | _aRoberts, Alison Jane | ||
| 245 |
_aFun with fitness / _cAlison Roberts ; illustratedby Renee Mansfield, Eugene Pawczuk. |
||
| 260 |
_aCanada : _bHayes Pub. Ltd. |
||
| 300 | _a32 p. ; col. | ||
| 650 | _aPhysical fitness | ||
| 650 | _aExercise | ||
| 999 |
_c102936 _d102936 |
||